| 000 | 00903nam a22002417a 4500 | ||
|---|---|---|---|
| 999 |
_c2117 _d2117 |
||
| 003 | AR-CdUCM | ||
| 008 | 190304b ||||| |||| 00| 0 spa d | ||
| 020 | _a84-345-8148-9 | ||
| 040 |
_aMUNICIPALIDAD PROVINCIAL DEL CUSCO _cBIBLIOTECA MUNICIPAL DEL CUSCO |
||
| 082 |
_a923.1 / _bB73M |
||
| 100 |
_aMaurois, André _97641 |
||
| 245 | _aNapoleón / | ||
| 260 |
_aBarcelona : _bSalvat Editores, _c1985. |
||
| 300 |
_a189 páginas ; _c19.5 cm. |
||
| 505 | _aContenido: Años de juventud -- El general Bonaparte -- El Héroe disponible -- El primer cónsul -- La etapa triunfal del imperio -- El ocaso del Imperio ... | ||
| 650 |
_aNapoleón Bonaparte - Biografía _97642 |
||
| 650 |
_aBiografías _9148 |
||
| 650 |
_aNapoleón I Emperador de Francia _97643 |
||
| 650 |
_aFrancia - Historia _97644 |
||
| 700 |
_aLlorca, Carmén (Prólogo) _97645 |
||
| 942 |
_2ddc _cLIBROS |
||
| 945 |
_alccs _d2019-03-04 |
||